000 00442nam a2200181Ia 4500
001 298
005 20260306122753.0
008 260306t1998||||xx |||||||||||||| ||spa||
041 _aESP
082 _a025.197
_bS84
100 _aStueart, Robert D.,
_eAUT
245 0 _aGestión de bibliotecas y centros de información
260 _c1998
300 _a449 páginas :
_c24 cm.
650 _aGEN
654 _aCHU
942 _cLIB
_dJUS
_fJUS
_2ddc
_n
999 _c298
_d298